Compendio de historia de la Iglesia / (Registro nro. 169266)

Detalles MARC
000 -LEADER
campo de control de longitud fija 00713nam a2200205 i 4500
001 - NÚMERO DE CONTROL
campo de control 169266
003 - IDENTIFICADOR DE NÚMERO DE CONTROL
campo de control ES-MaACL
005 - FECHA Y HORA DE LA ÚLTIMA TRANSACCIÓN
campo de control 20250831072600.0
007 - CAMPO FIJO DE DESCRIPCIÓN FÍSICA--INFORMACIÓN GENERAL
campo de control de longitud fija t|
008 - DATOS DE LONGITUD FIJA--INFORMACIÓN GENERAL
campo de control de longitud fija 080827s1924 sp ||||1| spa d
080 ## - NÚMERO DE LA CLASIFICACIÓN DECIMAL UNIVERSAL
Número de la Clasificación Decimal Universal 27
100 1# - ENTRADA PRINCIPAL--NOMBRE DE PERSONA
Nombre de persona Marx, Jakob.
9 (RLIN) 78588
245 10 - MENCIÓN DEL TÍTULO
Título Compendio de historia de la Iglesia /
Mención de responsabilidad, etc. compuesto en alemán por Jakob Marx ; nueva edición corregida y aumentada conforme a la octava original por Ramón Ruiz Amado.
260 ## - PUBLICACIÓN, DISTRIBUCIÓN, ETC.
Lugar de publicación, distribución, etc. Barcelona :
Nombre del editor, distribuidor, etc. Librería Religiosa,
Fecha de publicación, distribución, etc. 1924.
300 ## - DESCRIPCIÓN FÍSICA
Extensión XVI, 744 p. ;
Dimensiones 22 cm.
650 07 - PUNTO DE ACCESO ADICIONAL DE MATERIA--TÉRMINO DE MATERIA
Término de materia o nombre geográfico como elemento de entrada Historia eclesiástica
Fuente del encabezamiento o término embne
9 (RLIN) 13400
700 1# - ENTRADA AGREGADA--NOMBRE PERSONAL
Nombre de persona Ruiz Amado, Ramón.
9 (RLIN) 100651
852 ## - LOCALIZACIÓN
Ubicación ES-MaACL
Número de control de estantería D-2743
itemnumber R.143867
Existencias
Estatus retirado Estado de pérdida Estado de daño No para préstamo Biblioteca de origen Biblioteca actual Ubicación en estantería Fecha de adquisición Fuente de adquisición Total de préstamos Signatura topográfica completa Código de barras Visto por última vez Precio de reemplazo Tipo de ítem Koha
        Biblioteca del Ateneo de Madrid Biblioteca del Ateneo de Madrid Sala Valle Inclán 27/08/2008     D-2743 901177709 23/02/2023 23/02/2023 Libro impreso